Phong trào học sinh sinh viên Việt Nam - Nhóm lửa cho tương lai tươi sáng

Giới thiệu lịch sử phong trào học sinh, sinh viên Việt Nam. Những tấm gương tiêu biểu trong phong trào học sinh, sinh viên Việt Nam

Đã lưu trong:
书目详细资料
格式: 图书
语言:Undetermined
出版: Đồng Nai Nhà xuất bản Đồng Nai 2012
主题:
标签: 添加标签
没有标签, 成为第一个标记此记录!
Thư viện lưu trữ: Trung tâm Học liệu Trường Đại học Cần Thơ
LEADER 01029nam a2200229Ia 4500
001 CTU_173938
008 210402s9999 xx 000 0 und d
020 |c 325000 
082 |a 371.809 
082 |b Ph431 
245 0 |a Phong trào học sinh sinh viên Việt Nam - Nhóm lửa cho tương lai tươi sáng 
245 0 |c Minh Hà, Quách Tuấn (biên soạn) 
260 |a Đồng Nai 
260 |b Nhà xuất bản Đồng Nai 
260 |c 2012 
520 |a Giới thiệu lịch sử phong trào học sinh, sinh viên Việt Nam. Những tấm gương tiêu biểu trong phong trào học sinh, sinh viên Việt Nam 
650 |a Vietnam,Vietnam war,Việt Nam,Chiến tranh Việt Nam,Students,Sinh viên 
650 |x Politics and government,Chính quyền và chính trị,Biography,Tiểu sử 
650 |y 1961-1975,1961-1975 
650 |z Vietnam,Việt Nam 
904 |i Năm 
980 |a Trung tâm Học liệu Trường Đại học Cần Thơ